=LDR 00000nam 2200000 4500 =001 000782 =005 20250711110541 =035 ##$$a 0010-0725000651 =007 ta =008 250711################a##########0#ind## =020 ##$$a 978-623-307-906-8 =082 ##$$a 398.209 598 =084 ##$$a 398.209 598 GOS r =100 #$$a Goswami, amar =245 1#$$a Rengga untuk sang raja hutan /$c amar Goswami =250 ##$$a Pertama =260 ##$$a Jakarta :$b Badan pengembangan dan pembinaan bahasa,$c 2022 =300 ##$$a 16 HLM. : $b ilus. ; $c Gua 2,9 cm =650 #4$$a Cerita anak Indonesia terjemahan Inggris =650 #4$$a Literasi bahan bacaan =700 #$$a Partho sengupta =990 ##$$a TBM202400804